Опера. Неуловимый: роман

Opis bibliograficzny
1. autor: Сухов Е. Евгений
Streszczenie:Громкое дело — убийство известной телеведушей — расследуют уже знакомые читателю лихие парни из УГРО во главе с капитаном Астафьевым. Кто безжалостно расправился с журналисткой? Серийный маньяк или хладнокровный, расчетливый убийца? А может быть, это расплата за бескомпромиссную позицию телеканала. Преступник расставляет хитроумные ловушки, пытается опередить сыщиков. И дело чести оперативников распутать клубок чудовищных преступлений.
Język:rosyjski
Wydane: Москва, АСТ-ПРЕСС КНИГА, 2005
Seria:Опера
Hasła przedmiotowe:
Format: Książka
KOHA link:https://koha.lib.tpu.ru/cgi-bin/koha/opac-detail.pl?biblionumber=104223

MARC

LEADER 00000nam0a2200000 4500
001 104223
005 20231031113908.0
010 |a 5462003676 
035 |a (RuTPU)RU\TPU\book\112340 
035 |a RU\TPU\book\112338 
090 |a 104223 
100 |a 20061030d2005 m y0rusy50 ca 
101 0 |a rus 
102 |a RU 
105 |a y z 000ay 
200 1 |a Опера. Неуловимый  |e роман  |f Е. Сухов 
210 |a Москва  |c АСТ-ПРЕСС КНИГА  |d 2005 
215 |a 352 с.  |c ил. 
225 1 |a Опера 
330 |a Громкое дело — убийство известной телеведушей — расследуют уже знакомые читателю лихие парни из УГРО во главе с капитаном Астафьевым. Кто безжалостно расправился с журналисткой? Серийный маньяк или хладнокровный, расчетливый убийца? А может быть, это расплата за бескомпромиссную позицию телеканала. Преступник расставляет хитроумные ловушки, пытается опередить сыщиков. И дело чести оперативников распутать клубок чудовищных преступлений. 
610 1 |a русская литература 
610 1 |a романы 
610 1 |a детективы 
610 1 |a криминальные романы 
675 |a Р2  |v 3 
700 1 |a Сухов  |b Е.  |g Евгений 
801 1 |a RU  |b 63413507  |c 20061030  |g PSBO 
801 2 |a RU  |b 63413507  |c 20061102  |g PSBO 
942 |c BK